LEADER 02430nam 2200637Ia 450 001 9910457386903321 005 20200520144314.0 010 $a0-8166-8485-5 035 $a(CKB)1000000000347200 035 $a(EBL)310344 035 $a(OCoLC)476094008 035 $a(SSID)ssj0000135966 035 $a(PQKBManifestationID)11155026 035 $a(PQKBTitleCode)TC0000135966 035 $a(PQKBWorkID)10064095 035 $a(PQKB)11680776 035 $a(OCoLC)122887275 035 $a(MdBmJHUP)muse39038 035 $a(MiAaPQ)EBC310344 035 $a(Au-PeEL)EBL310344 035 $a(CaPaEBR)ebr10159409 035 $a(CaONFJC)MIL522957 035 $a(EXLCZ)991000000000347200 100 $a19950316d1996 ub 0 101 0 $aeng 135 $aur|n|---||||| 181 $ctxt 182 $cc 183 $acr 200 10$aDeconstructive variations$b[electronic resource] $emusic and reason in western society /$fRose Rosengard Subotnik 210 $aMinneapolis $cUniversity of Minnesota Press$dc1996 215 $a1 online resource (376 p.) 300 $aDescription based upon print version of record. 311 $a0-8166-2198-5 311 $a0-8166-2197-7 320 $aIncludes bibliographical references (p. 213-298) and index. 327 $aWhose Magic flute? : intimations of reality at the gates of the Enlightenment -- How could Chopin's A-major prelude be deconstructed? -- Toward a deconstruction of structural listening : a critique of Schoenberg, Adorno, and Stravinsky -- The closing of the American dream? : a musical perspective on Allan Bloom, Spike Lee, and doing the right thing. 330 $aIn this sequel to her previous collection, Developing Variations, Subotnik applies the insights of Kant, Adorno, Bakhtin, and Derrida to major works of Mozart and Chopin. 606 $aMusic$xPhilosophy and aesthetics 606 $aMusic$xSocial aspects 606 $aMusical criticism 606 $aMusical analysis 608 $aElectronic books. 615 0$aMusic$xPhilosophy and aesthetics. 615 0$aMusic$xSocial aspects. 615 0$aMusical criticism. 615 0$aMusical analysis. 676 $a781/.1 700 $aSubotnik$b Rose Rosengard$0889752 801 0$bMiAaPQ 801 1$bMiAaPQ 801 2$bMiAaPQ 906 $aBOOK 912 $a9910457386903321 996 $aDeconstructive variations$91987879 997 $aUNINA LEADER 03391nam 2200589 450 001 996552357003316 005 20221103195514.0 024 7 $a10.7765/9781526114198 035 $a(CKB)4100000012036440 035 $a(NjHacI)994100000012036440 035 $a(DE-B1597)659952 035 $a(DE-B1597)9781526114198 035 $a(EXLCZ)994100000012036440 100 $a20221103d2021 uy 0 101 0 $aeng 135 $aur||||||||||| 181 $ctxt$2rdacontent 182 $cc$2rdamedia 183 $acr$2rdacarrier 200 10$aEmbodiment and everyday cyborgs $etechnologies that alter subjectivity /$fGillian Haddow 210 1$aManchester, England :$cManchester University Press,$d[2021] 210 4$dİ2021 215 $a1 online resource (xiii, 192 pages) $cillustrations 225 1 $aInscriptions 311 $a1-5261-1418-6 311 $a1-5261-1419-4 320 $aIncludes bibliographical references. 330 $aThis electronic version has been made available under a Creative Commons (BY-NC-ND) open access license. Your organs are failing and require replacement. If you had the choice, would you prefer organs from other humans or non-human animals, or would you choose a 'cybernetic' medical implant?Using a range of social science methods and drawing on the sociology of the body and embodiment, biomedicine and technology, this book asks what happens to who we are (our identity) when we change what we are (our bodies)? From surveying young adults about whether they would choose options such as 3-D bioprinting, living or deceased human donation, or non-human animal or implantable biomechanical devices, to interviewing those who live with an implantable cardiac defibrillator, Haddow invites us to think about what kind of relationship we have with our bodies. She concludes that the reliance on 'cybernetic' medical devices create 'everyday cyborgs' who can experience alienation and new forms of vulnerability at implantation and activation.Embodiment and everyday cyborgs invites readers to consider the relationship between personal identity and the body, between humans and non-human animals, and our increasing dependency on 'smart' implantable technology. The creation of new techno-organic hybrid bodies makes us acutely aware of our own bodies and how ambiguous the experience of embodiment actually is. It is only through understanding how modifications such as transplantation, amputation and implantation make our bodies a 'presence' to us, Haddow argues, that we realise our everyday experience of our bodies as an absence. 410 0$aInscriptions (Manchester University Press) 517 $aEmbodiment and everyday cyborgs 606 $aCybernetics 606 $aImplants, Artificial 610 $abiomedicine. 610 $abody modification. 610 $acartesian dualism. 610 $acybernetic system. 610 $acyborgs. 610 $aidentity. 610 $aorgan transplantation. 610 $aphenomenology. 610 $asociology of the body. 610 $axenotransplantation. 615 0$aCybernetics. 615 0$aImplants, Artificial. 676 $a001.53 700 $aHaddow$b Gillian$01271536 801 0$bNjHacI 801 1$bNjHacl 906 $aBOOK 912 $a996552357003316 996 $aEmbodiment and everyday cyborgs$92995298 997 $aUNISA LEADER 02638nam 22006852 450 001 9910782161303321 005 20221010230547.0 010 $a1-4473-0150-1 010 $a1-281-38542-5 010 $a9786611385422 010 $a1-84742-302-7 024 7 $a10.56687/9781847423023 035 $a(CKB)1000000000535165 035 $a(EBL)419245 035 $a(OCoLC)476249489 035 $a(SSID)ssj0000106717 035 $a(PQKBManifestationID)11133875 035 $a(PQKBTitleCode)TC0000106717 035 $a(PQKBWorkID)10111233 035 $a(PQKB)11784696 035 $a(UtOrBLW)PPO00031 035 $a(Au-PeEL)EBL419245 035 $a(CaPaEBR)ebr10281270 035 $a(CaONFJC)MIL138542 035 $a(MdBmJHUP)musev2_80291 035 $a(UkCbUP)CR9781847423023 035 $a(DE-B1597)646266 035 $a(DE-B1597)9781847423023 035 $a(MiAaPQ)EBC419245 035 $a(EXLCZ)991000000000535165 100 $a20220816d2007|||| uy| 0 101 0 $aeng 135 $aur||||||||||| 181 $ctxt$2rdacontent 182 $cc$2rdamedia 183 $acr$2rdacarrier 200 10$aAssessing the use and impact of anti-social behaviour orders /$fRoger Matthews [and others]$b[electronic resource] 210 1$aBristol :$cPolicy Press,$d2007. 215 $a1 online resource (vii, 70 pages) $cdigital, PDF file(s) 225 1 $aResearching criminal justice series 300 $aTitle from publisher's bibliographic system (viewed on 15 Sep 2022). 311 $a1-84742-057-5 320 $aIncludes bibliographical references. 327 $aAssessing the use and impact of Anti-Social Behaviour Orders; Contents; List of figures and tables; Preface; Acknowledgements; 1. Introduction; 2. Views from agencies; 3. The impact on offenders; 4. The impact on communities and victims; 5. Conclusion; References. 330 $aThis book provides one of the first assessments of the widely used but extremely controversial Anti-Social Behaviour Orders (ASBOs) as a method for dealing with anti-social behaviour in the UK. 410 0$aResearching criminal justice series. 606 $aDisorderly conduct$zGreat Britain 606 $aNuisances$zGreat Britain 606 $aBreach of the peace$zGreat Britain 615 0$aDisorderly conduct 615 0$aNuisances 615 0$aBreach of the peace 676 $a364.1430941 700 $aMatthews$b Roger$f1948-$0879183 801 0$bUkCbUP 801 1$bUkCbUP 906 $aBOOK 912 $a9910782161303321 996 $aAssessing the use and impact of anti-social behaviour orders$93700547 997 $aUNINA